| 000 | 00381nam a22001457a 4500 | ||
|---|---|---|---|
| 005 | 20240603104616.0 | ||
| 008 | 240603b |||||||| |||| 00| 0 eng d | ||
| 082 |
_a214 _bYAS-I |
||
| 100 | _aYasin; Khan | ||
| 245 |
_aIslamyat o Mutalia Pakistan/ _cYasin Khan |
||
| 260 |
_aLaore; _bIlmi Kitab Khana; _c2011 |
||
| 300 |
_a247 p.: _c21 cm. |
||
| 650 | _aIslamic Situdies | ||
| 999 |
_c35827 _d35827 |
||